Berühmte Opernhäuser - Statistiken

Allgemein
  • Dieses Quiz wurde 21 mal gespielt
  • Das Durchschnittsergebnis liegt bei 2 aus 12
Antwortstatistiken
Bildquiz Antwort % Korrekt
Wiener Staatsoper
78%
Sydney Opera House
56%
Festspielhaus Bayreuth
28%
Palais Garnier
28%
Royal Opera House
22%
Metropolitan Opera House
11%
Teatro alla Scala
6%
Bolschoi Theater
0%
Gran Teatre del Liceu
0%
La Monnaie
0%
Teatro Colon
0%
Teatro di San Carlo
0%
Keine übereinstimmenden Quizze gefunden
Verteilung der Resultate
Anzahl Personen mit jedem Resultat
Perzentil nach korrekt beantworteten Fragen
Ihre Resultats-Entwicklung
Sie haben dieses Quiz noch nicht gespielt